000 00463nam a2200157Ia 4500
008 220204s9999 xx 000 0 und d
020 _a1842774573
082 _a339.1:633.73
_bDAV
100 _aDaviron, Benoit
245 4 _aThe coffee paradox: Global markets, commodity trade and the elusive promise of development
260 _aLondon
_bZed Books
_c2005
650 _aCoffee trade
650 _aGlobal value chain
700 _aPonte, Stefano
942 _cBK
999 _c42627
_d42627